[Event "Hamburg-chA"]
[Site "Hamburg"]
[Date "2017.06.05"]
[Round "3"]
[White "Stepien, Tomasz"]
[Black "Baehnk, Ulrich"]
[Result "0-1"]
[WhiteElo "1596"]
[BlackElo "1464"]
[PlyCount "78"]
[EventDate "2017.06.03"]
[EventType "swiss"]
[EventRounds "7"]
[EventCountry "GER"]
[SourceTitle "CBM 179 Extra"]
[Source "ChessBase"]
[SourceDate "2017.08.23"]
[SourceVersion "1"]
[SourceVersionDate "2017.08.23"]
[SourceQuality "1"]

1. d4 d5 2. c4 e6 3. Nc3 Nf6 4. e3 Be7 5. Bd3 0-0 6. Nf3 b6 7. Ne5 Bb7 8. 0-0 Nbd7 9. cxd5 exd5 10. Qc2 c5 11. f4 c4 12. Be2 Rc8 13. Bd2 Ne4 14. Rf3 f5 15. Rh3 Ndf6 16. a3 a6 17. Be1 Nxc3 18. bxc3 Ne4 19. Nf3 b5 20. Bh4 Bxh4 21. Rxh4 Qe7 22. Rh3 a5 23. Nd2 Rb8 24. Nxe4 dxe4 25. a4 Bd5 26. Rb1 b4 27. cxb4 Rxb4 28. Rxb4 Qxb4 29. g4 g6 30. gxf5 gxf5 31. Bf1 Kh8 32. Qf2 Rg8+ 33. Kh1 c3 34. Qe1 c2 35. Qc1 Bb3 36. Bb5 Bxa4 37. Bxa4 Qxa4 38. Rg3 Rxg3 39. hxg3 Qb3 0-1

[Event "Hamburg-chA"]
[Site "Hamburg"]
[Date "2017.06.04"]
[Round "2"]
[White "Raedisch, Peter"]
[Black "Baehnk, Ulrich"]
[Result "1-0"]
[WhiteElo "1637"]
[BlackElo "1464"]
[PlyCount "44"]
[EventDate "2017.06.03"]
[EventType "swiss"]
[EventRounds "7"]
[EventCountry "GER"]
[SourceTitle "CBM 179 Extra"]
[Source "ChessBase"]
[SourceDate "2017.08.23"]
[SourceVersion "1"]
[SourceVersionDate "2017.08.23"]
[SourceQuality "1"]

1. e4 e5 2. Nf3 d6 3. Bc4 Be7 4. c3 Nf6 5. Ng5 d5 6. exd5 Nxd5 7. Nxf7 Kxf7 8. Qf3+ Ke8 9. Bxd5 c6 10. Bb3 Bf6 11. 0-0 g6 12. Qe2 Qe7 13. d3 Nd7 14. Be3 Rf8 15. Nd2 Nc5 16. Rfe1 Nxb3 17. Nxb3 b6 18. Bh6 Rf7 19. Kh1 Be6 20. f4 Bxb3 21. axb3 exf4 22. Qf3 Be5 1-0